Netherlands A2 Highway Municipalities - Statistics

General Stats
  • This quiz has been taken 10 times
  • The average score is 14 of 34
Answer Stats
Province Municipality % Correct
Noord-Holland Amsterdam
100%
Noord-Brabant Eindhoven
100%
Utrecht Utrecht
100%
Noord-Brabant ’s-Hertogenbosch
89%
Limburg Maastricht
78%
Noord-Brabant Best
56%
Utrecht Nieuwegein
56%
Noord-Brabant Veldhoven
56%
Noord-Brabant Boxtel
44%
Gelderland Culemborg
44%
Noord-Brabant Valkenswaard
44%
Noord-Brabant Vught
44%
Limburg Weert
44%
Gelderland Zaltbommel
44%
Limburg Beek
33%
Limburg Echt-Susteren
33%
Limburg Eijsden-Margraten
33%
Utrecht IJsselstein
33%
Limburg Leudal
33%
Limburg Meerssen
33%
Limburg Nederweert
33%
Noord-Brabant Sint-Michielsgestel
33%
Limburg Sittard-Geleen
33%
Limburg Stein
33%
Utrecht Stichtse Vecht
33%
Noord-Brabant Waalre
33%
Noord-Brabant Cranendonck
22%
Utrecht De Ronde Venen
22%
Limburg Maasgouw
22%
Utrecht Vijfheerenlanden
22%
Noord-Brabant Heeze-Leende
11%
Gelderland Maasdriel
11%
Noord-Holland Ouder-Amstel
11%
Gelderland West Betuwe
0%
No matching quizzes found
Score Distribution
Percent of People with Each Score
Percentile by Number Answered
Your Score History
You have not taken this quiz